| 000 | 00751nam a2200253Ia 4500 | ||
|---|---|---|---|
| 003 | OSt | ||
| 005 | 20220928130557.0 | ||
| 006 | a|||||r|||| 00| 0 | ||
| 007 | ta | ||
| 008 | 220927b |||||||| |||| 00| 0 eng d | ||
| 020 | _c6687 | ||
| 024 | _a110071 | ||
| 037 |
_b172, 16/11/2010, Pioneer Book Distributors _cTextual |
||
| 040 |
_aSDCL _cSDCL _beng |
||
| 041 |
_2eng _aeng |
||
| 082 | _aX65:8, P9.1 | ||
| 100 |
_aSubramani R Venkata _9474750 |
||
| 245 | 0 |
_aAccounting for investments _b Equities,futures and options. |
|
| 260 | _c2009 | ||
| 300 |
_axxi,648p. _ccm. |
||
| 650 |
_aCommerce _9353036 |
||
| 942 |
_hX65:8, P9.1 _cTEXL _2CC |
||
| 999 |
_c787299 _d787299 |
||